| 000 | 00449nam a2200157Ia 4500 | ||
|---|---|---|---|
| 999 |
_c9755 _d9755 |
||
| 020 | _a0415235219 | ||
| 082 | _a320.540952 IID-R | ||
| 100 | _aIida, Yumiko | ||
| 245 | 0 | _aRethinking identity in modern Japan: nationalism as aesthetics | |
| 260 |
_aLondon _bRoutledge _c2002 |
||
| 300 | _aviii, 328 | ||
| 504 | _aincludes bibliography and index | ||
| 650 |
_aJapan _vintellectual life _z20th century |
||
| 650 |
_aNationalism _zJapan |
||
| 942 |
_cBK _2ddc |
||